000 00749nam a2200229Ia 4500
001 18591
003 GE_BSU
008 181216s||||||||xx |||||||||||||| ||und||
020 _a999409212X
040 _cGE_BSU
080 _a39(479.9)
100 _aხუციშვილი, ქეთევან
245 _aკავკასიის ხალხთა ეთნოგრაფია
245 _cრედ. რ. თოფჩიშვილი
260 _aთბილისი
260 _bკავკასიური სახლი
260 _c2006
300 _a167 გვ. ; 21 სმ.
541 _h6ლ.15თ.
653 _aკავკასიის ხალხთა ეთნოგრაფია
942 _cBK
999 _c51600
_d51600